000 00739nam a2200217Ia 4500
003 GCL
008 140319s9999 xx 000 0 ara d
040 _aGCL /
_cGCL
082 0 4 _a813.009
_bش ا
100 1 _aشفيع السيد
245 1 0 _aاتجاهات الرواية العربية فى مصر منذ الحرب العالمية الثانية الى سنة 1967 دراسة نقدية /
_cشفيع السيد
260 _a[S.N] :
_bدار الفكر العربى ،
_c1993
300 _a310 ص
490 _a
650 0 4 _aالادب العربى
650 0 4 _aالقصص العربية
650 0 4 _aمصر
650 0 4 _aالقصص العربية المترجمة
650 0 4 _aتاريخ ونقد
942 _2ddc
_cBK
999 _c32307
_d32307